[Event "Vezerkepzo GM November 2021"]
[Site "Budapest"]
[Date "2021.11.22"]
[Round "5.1"]
[White "Murphy, Conor E"]
[Black "Pap, Misa"]
[Result "1-0"]
[WhiteElo "2421"]
[BlackElo "2377"]
[Annotator "TA"]
[PlyCount "133"]
[EventDate "2021.11.20"]
[EventType "tourn"]
[EventCountry "HUN"]
[SourceTitle "playchess.com"]
[Source "ChessBase"]
[SourceQuality "1"]

{[%evp 9,133,42,43,30,47,32,37,30,49,22,39,36,40,43,30,27,34,0,28,30,29,0,23,0,43,29,89,63,71,54,57,33,38,36,56,33,46,0,0,0,0,0,53,35,77,85,93,93,83,72,247,247,247,247,247,247,246,240,240,240,240,244,257,257,257,255,275,272,275,260,275,275,275,265,253,210,237,221,238,234,275,275,265,264,597,597,597,597,582,554,502,440,433,433,433,433,425,414,1239,1117,682,597,597,597,922,597,1558,1445,1618,1549,1367,597,597,553,1826,1822,1822,1366,6713,6756,6756,5110,29985,29986,29964,29969]} 1. e4 e5 2. Nf3 Nc6 3. Bb5 g6 4. c3 a6 5. Ba4 Bg7 6. d4 {C70: Ruy Lopez: 3...a6 4 Ba4, Norwegian and Delayed Schliemann.} exd4 7. cxd4 b5 8. Bc2 {White is slightly better.} d6 9. d5 Na5 10. O-O {[#]} Bg4 $146 ({Predecessor:} 10... Nc4 11. Nc3 Ne7 12. Bd3 Nb6 13. a4 b4 14. Ne2 a5 15. Ned4 O-O 16. Bg5 Bd7 {0-1 (48) Caruana,F (2816)-Mamedyarov,S (2808) Leuven 2018}) 11. h3 Bxf3 12. Qxf3 Nf6 13. Bd2 Nc4 14. Bc3 O-O 15. b3 Nb6 (15... Ne5 $5 {[%cal Re5f3]} 16. Qe3 Re8 $11) 16. Nd2 Re8 17. Rac1 a5 (17... Nbd7 $11) 18. a3 Nbd7 19. Bd3 Qb8 20. b4 axb4 21. axb4 Ra3 22. Nb1 $1 {[%cal Rb1a3]} Ra2 23. Rc2 (23. Rfd1 {keeps more tension.} Qb6 24. Rd2 Ra4 25. Rb2 Bh6 26. Rcc2) 23... Rxc2 24. Bxc2 Qb6 25. Nd2 Ra8 (25... Ne5 $11 26. Qe2 c6) 26. Nb3 $14 Ra3 27. Bd4 c5 28. dxc6 $1 Qxc6 {[#]} 29. Na5 $1 {[%cal Ra5c6]} Rxa5 {A mistake that costs the game.} (29... Rxf3 30. Nxc6) 30. bxa5 $18 {[%cal Bb4a5,Ba5a6,Ba6a7][%mdl 32]} Qxc2 {[#]} 31. a6 $1 {[%cal Ra6a7]} Nxe4 {[#]} 32. a7 $1 {[%cal Ra7a8]} Qc6 {[#]} 33. Qa3 $1 Qa8 34. Bxg7 Kxg7 35. Ra1 Nb6 36. Qb2+ Nf6 37. Qxb5 Nfd7 38. Ra6 Qd8 39. Qc6 Na8 {Black hopes to continue with ...Ndb6.} 40. Qxd6 Qf6 41. g4 Ndb6 42. Qd3 Qe5 43. Qf3 {[%mdl 1024] White has strong compensation.} h6 44. Ra3 Nd5 45. Rd3 Ndb6 {intending ...Qa1+.} 46. Qb7 h5 $2 (46... Qc5 {is more resistant.} 47. Rd8 Nc7) 47. Rf3 Qc7 48. Qxc7 Nxc7 49. gxh5 gxh5 50. Rf5 Kg6 51. Rc5 Nba8 52. Kg2 Ne6 53. Rc8 Nec7 (53... Nac7 $142 54. Kg3 f6 55. Rg8+ Kf7) 54. Kg3 Kg5 55. Rg8+ Kh6 56. Kf4 Kh7 57. Rg1 h4 58. Kg5 Kg7 59. Kxh4+ Kf6 60. Kg4 (60. Rg8 $142 Ke6 61. Kg3) 60... Nb5 61. Rb1 Nbc7 62. Rb8 Kg6 63. h4 Kf6 64. Rg8 Nb6 65. h5 Nc4 66. Rc8 Ne5+ 67. Kg3 {Weighted Error Value: White=0.21/Black=0.21} 1-0

[Event "Vezerkepzo GM November 2021"]
[Site "Budapest"]
[Date "2021.11.22"]
[Round "5.2"]
[White "Chakravarthi Reddy, M."]
[Black "Juhasz, Agoston"]
[Result "1-0"]
[WhiteElo "2332"]
[BlackElo "2379"]
[Annotator "TA"]
[PlyCount "47"]
[EventDate "2021.11.20"]
[EventType "tourn"]
[EventCountry "HUN"]
[SourceTitle "playchess.com"]
[Source "ChessBase"]
[SourceQuality "1"]

{[%evp 9,47,0,8,16,25,0,0,-16,-6,-17,0,-7,0,0,0,0,0,1,87,0,65,65,100,95,222,157,136,124,573,569,848,816,1495,1485,1457,1430,29976,29974,29993,29994]} 1. d4 Nf6 2. c4 g6 3. Nc3 d5 4. Nf3 Bg7 5. h4 c6 6. cxd5 {D90: Grünfeld: 4 Nf3 Bg7 sidelines.} cxd5 7. Bg5 Nc6 8. Bxf6 {The position is equal.} Bxf6 {[#]} 9. h5 $146 ({Predecessor:} 9. e3 Bg4 10. Qb3 Bxf3 11. gxf3 e6 12. Qxb7 Qc8 13. Ba6 {1-0 (13) Andersen,R (2149)-Pawlak,W (1775) Copenhagen 2016}) 9... g5 10. e3 g4 11. Nh2 g3 12. fxg3 e5 {[%cal Re5d4]} 13. Bb5 {next Ng4 is good for White.} Rg8 (13... O-O $11) 14. Qa4 (14. O-O $16 {aiming for Qf3.} Rxg3 15. dxe5 Bxe5 16. Nf3 (16. Qxd5 Qxd5 17. Nxd5 Be6 $14) (16. Nxd5 Kf8 $14)) 14... Be6 (14... exd4 $11 15. exd4 Rxg3 16. Bxc6+ bxc6 17. Qxc6+ Bd7 18. Qxd5 Be6 19. Qxd8+ Rxd8) 15. Ne2 Qb6 16. Rc1 {[%cal Rb5c6,Ba1c1,Bc1c3,Bc3c6,Bc6e6][%mdl 32]} Kf8 (16... Rc8 $16) 17. O-O Bg5 {[#]} 18. Rc3 {[%cal Rb5c6]} Bh6 $2 {[%mdl 8192]} (18... exd4 $16 {is more resistant.} 19. exd4 Rc8) 19. Bxc6 $18 bxc6 20. Rxc6 Qxb2 21. Rxe6 {[%mdl 64] Double Attack} Bxe3+ 22. Kh1 Rg7 {[#]} 23. Qd7 $1 Bg5 {[#]} (23... Qb8 24. Rxe5) 24. h6 $1 {Weighted Error Value: White=0.14/Black=1.05} 1-0

[Event "Vezerkepzo GM November 2021"]
[Site "Budapest"]
[Date "2021.11.22"]
[Round "5.3"]
[White "Souhardo Basak"]
[Black "Kovalev, Andrei"]
[Result "1-0"]
[WhiteElo "2382"]
[BlackElo "2501"]
[Annotator "TA"]
[PlyCount "109"]
[EventDate "2021.11.20"]
[EventType "tourn"]
[EventCountry "HUN"]
[SourceTitle "playchess.com"]
[Source "ChessBase"]
[SourceQuality "1"]

{[%evp 20,109,46,64,72,87,90,74,66,65,67,0,64,-16,52,35,81,0,150,142,200,208,254,249,262,268,266,264,250,264,264,257,276,262,270,277,269,262,257,235,233,223,586,586,542,525,1132,181,246,240,226,245,198,173,221,217,433,419,765,692,777,800,604,243,584,584,584,425,381,401,584,558,543,543,504,393,259,251,29973,29973,29973,29974,29974,29975,29975,29977,29978,29978,29979,29980,29981,29982]} 1. e4 c5 2. Nf3 Nc6 3. d4 cxd4 4. Nxd4 g6 5. c4 Bg7 6. Be3 Nf6 7. Nc3 O-O 8. Be2 b6 9. O-O Bb7 10. f3 e6 11. Ndb5 d5 {B38: Sicilian: Maroczy Bind with 5...Bg7 and 7...0-0.} 12. cxd5 exd5 13. exd5 Nb4 {[%cal Rf6d5] White is better. The main line 13...Nb4 scores better than 13...Ne7.} 14. d6 Nfd5 15. Nxd5 Nxd5 16. Bf2 (16. Bd4 $14) 16... Qg5 {[#]} (16... Bxb2 $11 17. Rb1 Be5) 17. h4 $146 ({Predecessor:} 17. Nc7 Ne3 18. Bxe3 Qxe3+ 19. Kh1 Rad8 20. Re1 Qf4 21. Qb3 Rxd6 22. Ba6 Be5 23. Rxe5 Qxe5 24. Bxb7 {0-1 (43) Bramkamp,R-Znamenacek,K (2340) Dortmund 1990}) 17... Qe5 18. Qd2 (18. Re1 $1 $16 {And now Bc4 would win.} Qxb2 19. Rb1 Qxa2 20. Bd4) 18... Rad8 {White leaves nothing to chance now.} (18... a6 $1 $11 19. Nc3 Rad8) 19. Rad1 $36 {[%mdl 2048] White is in control.} a6 {[#]} (19... Qf4 $16) 20. Bc4 $1 $18 Nf4 {[#]} (20... Rd7 21. Bxd5) 21. Bd4 $1 Qf5 {[#]} 22. g4 $1 Bxd4+ 23. Qxd4 (23. Nxd4 Qe5 $11) 23... Qc5 24. Qxc5 bxc5 25. Nc7 Rd7 26. Kh2 {Threatens to win with Kg3.} ({Don't do} 26. Nxa6 $6 Bxa6 27. Bxa6 Rb8 $16) 26... Rfd8 27. Rfe1 ({Not} 27. Nxa6 Bxa6 28. Bxa6 Ne6 $16) ({Much less strong is} 27. Kg3 $6 Rxd6 28. Rxd6 Rxd6 $16) 27... Bxf3 28. Re8+ $1 Rxe8 29. Nxe8 {aiming for Rf1.} Rd8 30. Rf1 Be2 (30... Rxe8 {is a better chance.} 31. Rxf3 Ne6) 31. Rxf4 Bxc4 32. Rxc4 Rxe8 33. Rxc5 $2 {[%mdl 4096] Endgame KR-KR} (33. b4) 33... Re2+ (33... Rd8 {keeps fighting.}) 34. Kg3 Rd2 35. Rc6 a5 36. Ra6 Rd5 37. Kf4 f6 $2 (37... f5 {was called for.} 38. gxf5 Rxf5+ 39. Ke3 Kf7) 38. Ke4 Re5+ (38... Rd1 $142 39. Rxa5 Kf7 40. Ra7+ Ke6 41. Rxh7 Rxd6) 39. Kd4 {Threatening mate with d7.} Kf7 40. d7 Ke7 {[#]} 41. Rxf6 $3 {[%mdl 512]} Re2 $2 {[#]} (41... Re1 {is tougher.} 42. d8=B+ {[%mdl 64] Decoy} Kxd8 43. Rf8+ Kd7 44. Rf7+ Ke6 45. Rxh7 Rg1) 42. Rf7+ $3 {[%mdl 512]} Kd8 43. Kc3 Re3+ 44. Kc2 Re4 (44... h6 $142 45. Rg7 Rh3) 45. Rxh7 Rxg4 46. h5 gxh5 47. Rxh5 a4 48. Rd5 a3 $2 {[#]} (48... Rc4+ $18 49. Kd3 Rc7) 49. b3 $1 {[%cal Bb2b3,Bb3b4,Bb4b5][%mdl 32] White mates.} Rh4 50. Kc3 Rh2 51. Rd2 Rh4 52. b4 Rh6 53. Kb3 Rh3+ 54. Ka4 Rg3 55. b5 {Weighted Error Value: White=0.32/Black=0.66} 1-0

[Event "Vezerkepzo GM November 2021"]
[Site "Budapest"]
[Date "2021.11.22"]
[Round "5.4"]
[White "Manish Anto Cristiano F"]
[Black "Karthik Venkataraman"]
[Result "0-1"]
[WhiteElo "2371"]
[BlackElo "2491"]
[Annotator "TA"]
[PlyCount "88"]
[EventDate "2021.11.20"]
[EventType "tourn"]
[EventCountry "HUN"]
[SourceTitle "playchess.com"]
[Source "ChessBase"]
[SourceQuality "1"]

{[%evp 25,88,24,25,18,22,18,25,20,18,17,18,25,20,24,25,13,34,41,37,-3,-6,-45,-41,-74,-43,-52,-52,-56,-43,-94,-67,-102,-77,-230,-153,-172,-117,-123,-142,-167,-94,-105,-112,-114,-96,-167,-125,-133,-106,-524,-535,-570,-572,-581,-567,-572,-561,-1008,-1011,-968,-972,-1259,-1272,-29982,-29980]} 1. e4 e5 2. Nf3 Nc6 3. Bb5 a6 4. Ba4 Nf6 5. O-O Be7 6. Re1 b5 7. Bb3 d6 8. c3 O-O 9. h3 Na5 10. Bc2 c5 11. d4 Qc7 12. Nbd2 Be6 13. d5 {13.d5 scores better than 13.Nf1.} Bd7 14. Nf1 {C97: Closed Ruy Lopez: Chigorin Defence: 11 d4 Qc7, sidelines.} c4 15. Bd2 Nb7 16. b4 {White has an edge.} a5 17. a3 Ra6 {[#]} 18. Ne3 $146 ({Predecessor:} 18. Qb1 Rfa8 19. Qb2 Nh5 20. Be3 Bd8 21. Reb1 Qc8 22. Ng3 Nxg3 23. fxg3 {0-1 (60) Parushev,A (2275)-Buettner,F (2406) Chessfriend.com 2007}) 18... Rfa8 19. Bc1 g6 20. Nh2 Qd8 21. Qf3 h5 22. g4 Nh7 23. Qg2 hxg4 24. Nexg4 Bg5 25. Bxg5 Qxg5 26. Re3 Kh8 27. Rf3 (27. Qg3 $15) 27... f5 28. exf5 gxf5 {aiming for ...axb4.} 29. Ne3 $2 (29. Kh1 $17 {was the only defense.}) 29... Qxg2+ 30. Nxg2 f4 (30... axb4 $19 31. cxb4 f4) 31. Nxf4 $17 exf4 32. Rxf4 {And now Bxh7 would win.} Rf8 ({Avoid the trap} 32... Bxh3 $2 33. Bxh7 axb4 34. Kh1 $18) ({Black should try} 32... axb4 $19 33. Rh4 Rg8+ 34. Ng4 Rg7 35. cxb4 Bxg4 36. hxg4 Kg8) 33. Rh4 {[#]} Bf5 {[%cal Rf5c2]} 34. Bxf5 Rxf5 35. Ng4 (35. Re1 $17 Re5 36. Rd1) 35... Kg7 {Strongly threatening ...Ng5.} ({Not} 35... Rxd5 {[#]} 36. Rxh7+ $1 Kxh7 37. Nf6+ Kg6 38. Nxd5 $16) 36. Re1 {Re7+ is the strong threat.} Ng5 {White must now prevent ...Nf3+.} 37. Re7+ $2 {[%mdl 8192]} (37. Kg2 $17 {is tougher.}) 37... Kf8 $19 38. Rxb7 {[%cal Rh4h8]} Nf3+ {[%mdl 64] Double Attack} 39. Kg2 {[%cal Rh4h8]} Nxh4+ 40. Kg3 Ng6 41. a4 {White wants to play Rb8+.} axb4 {[%cal Ba5b4,Bb4c3][%mdl 32]} 42. Rb8+ Kg7 43. axb5 Ra3 44. b6 bxc3 {Weighted Error Value: White=0.66/Black=0.11} 0-1

[Event "Vezerkepzo GM November 2021"]
[Site "Budapest"]
[Date "2021.11.22"]
[Round "5.5"]
[White "Prraneeth Vuppala"]
[Black "Nitish Belurkar"]
[Result "0-1"]
[WhiteElo "2275"]
[BlackElo "2362"]
[Annotator "TA"]
[PlyCount "114"]
[EventDate "2021.11.20"]
[EventType "tourn"]
[EventCountry "HUN"]
[SourceTitle "playchess.com"]
[Source "ChessBase"]
[SourceQuality "1"]

{[%evp 14,114,14,13,22,16,31,28,32,32,29,30,28,16,27,18,32,0,30,4,46,39,37,37,45,31,50,21,20,0,0,0,0,0,0,-9,0,-22,0,0,0,-42,-32,-46,-38,-37,-39,-58,-33,-45,-45,-80,-86,-94,-94,-95,-93,-94,-93,-87,-80,-94,-93,-94,-95,-97,-103,-148,-131,-147,-113,-194,-182,-197,-181,-181,-187,-181,-181,-257,-257,-228,-229,-227,-248,-395,-395,-595,-581,-572,-572,-29962,-6356,-29975,-29976,-29976,-29977,-29977,-29974,-29975,-29975,-29975,-29975]} 1. e4 e6 2. d4 d5 3. Nc3 Nf6 4. e5 Nfd7 5. f4 c5 6. Nf3 Nc6 7. Be3 a6 8. a3 b5 {C11: French: Classical System: 4 e5 and 4 Bg5 dxe4.} 9. Ne2 Bb7 10. c3 Be7 {[#] White has an edge.} 11. dxc5 $146 ({Predecessor:} 11. Ng3 Qc7 12. Bd3 c4 13. Bc2 h5 14. Qd2 h4 15. Ne2 O-O-O 16. O-O a5 17. b3 {1-0 (27) Lopez Rayagoza,L-Gonzalez Velazquez,A Aguascalientes 2009}) 11... Nxc5 12. Ned4 Rc8 13. Nxc6 Bxc6 14. Nd4 Bd7 15. Bd3 O-O 16. O-O f6 17. exf6 Bxf6 18. Bc2 Qc7 19. Kh1 Rcd8 20. Qd2 (20. Qe2 {is more complex.} Ne4 21. Rad1 Nd6 22. Bd3 Nc4 23. Nf3) 20... Ne4 21. Bxe4 dxe4 22. Qe2 e5 23. fxe5 Qxe5 24. Bf4 Qd5 25. Rad1 Qc4 26. Qxc4+ bxc4 27. h3 Ba4 28. Rde1 {Black should prevent Ne6.} Bxd4 29. cxd4 Rxd4 30. Kg1 Bc2 31. Rf2 Bd3 32. Be5 Rd5 33. Rxf8+ Kxf8 $17 {[%mdl 4096] Endgame KRB-KRB} 34. Bc3 Rf5 35. Bd4 Kf7 36. g4 Rf4 37. Kg2 g6 38. Be3 Rf3 39. Bf2 Ke6 40. h4 Kd5 41. Be3 Rf7 42. h5 (42. Bd2 $17) 42... Rb7 $19 43. Bc1 Kc5 44. hxg6 hxg6 45. Be3+ Kb5 46. Bd4 (46. Rd1 $142) 46... Ka4 47. Kf2 Kb3 48. Ke3 Rh7 49. Rg1 (49. Be5 {was forced.}) 49... Rh2 50. Bc3 (50. Rc1 $142 Rxb2 51. Rc3+ (51. Bxb2 Kxb2 52. Rg1 c3 $19) 51... Ka2 52. Kf4) 50... Re2+ 51. Kd4 Rxb2 52. Bxb2 Kxb2 {KR-KB} 53. a4 c3 {[%cal Bc4c3,Bc3c2][%mdl 32] Black mates.} 54. Ke3 c2 55. Kd2 Bc4 56. a5 Be6 57. g5 e3+ {[%mdl 64] Decoy, Promotion.  Weighted Error Value: White=0.41/Black=0.06} 0-1

[Event "Vezerkepzo GM November 2021"]
[Site "Budapest"]
[Date "2021.11.23"]
[Round "6.1"]
[White "Pap, Misa"]
[Black "Nitish Belurkar"]
[Result "0-1"]
[WhiteElo "2377"]
[BlackElo "2362"]
[Annotator "TA"]
[PlyCount "102"]
[EventDate "2021.11.20"]
[EventType "tourn"]
[EventCountry "HUN"]
[SourceTitle "playchess.com"]
[Source "ChessBase"]
[SourceQuality "1"]

{[%evp 12,102,20,27,26,22,19,20,12,0,0,-7,0,-95,-14,-9,-6,-95,-41,-25,-4,-19,0,0,0,-2,-7,-53,-35,-55,-56,-47,-47,-37,-42,-33,0,0,0,0,2,-71,-68,-57,-58,-198,-190,-184,-200,-197,-186,-225,-214,-264,-226,-293,-265,-574,-506,-504,-504,-570,-579,-520,-314,-287,-181,-347,-359,-406,-395,-445,-333,-29980,-29981,-29981,-29982,-29982,-29983,-29989,-5916,-5398,-5398,-5398,-5364,-5197,-5172,-4960,-2878,-1196,-1156,-29991,-29992]} 1. e4 e6 2. d4 d5 3. e5 c5 4. c3 Nc6 5. Nf3 Bd7 6. Bd3 Rc8 7. dxc5 Bxc5 {C02: French: Advance Variation.} 8. O-O Nge7 9. b4 Bb6 {The position is equal.} 10. Re1 Ng6 11. b5 Na5 12. Ba3 {[#]} (12. a4 $11) 12... Bc5 $146 (12... Nc4 $17 13. Bxc4 Rxc4) ({Predecessor:} 12... Nc4 13. Bb4 Bc5 14. Bxc4 Bxb4 15. Bxd5 Bxc3 16. Nxc3 Rxc3 17. Bxb7 Bxb5 18. Qb1 Qb6 {1-0 (55) Shakhnazarov,O (2148)-Dembling,A (1799) San Francisco 2011}) 13. Bxc5 Rxc5 14. Qa4 (14. a4 $11) 14... O-O (14... Qb6 $1 $17 {[%cal Rd7b5]} 15. Nd4 O-O) 15. h4 $15 Nc4 {...Nb2 is the strong threat.} 16. Qxa7 b6 17. Bxc4 Rxc4 18. Nbd2 Rxc3 19. Qa4 (19. h5 $5 {[%cal Rh5g6]} Nf4 20. a4 $11) 19... Rc5 20. h5 $1 {[%cal Rh5g6]} Bxb5 21. Qg4 Ne7 22. h6 {[%csl Gh6][%cal Rg4g7]} Ng6 $36 {[%mdl 2048] Black has some pressure.} 23. Qh5 Bd3 24. Re3 Bf5 25. hxg7 Kxg7 26. Nb3 (26. Nd4 $11) 26... Rc4 $1 $17 27. Nbd4 Ne7 28. g4 {Now White is beyond hope.} (28. Qg5+ $15 Bg6 29. Qf6+ Kg8 30. a4) 28... Bg6 $1 $19 {[%cal Rg6h5]} 29. Qh2 Nc6 30. Nxc6 Rxc6 31. Rd1 Rc4 32. Qg3 Qe7 33. Nd4 Ra8 34. Nf5+ $2 (34. Re2) 34... exf5 35. gxf5 {[#]} Qb4 $1 36. Rb3 {[#]} (36. Kf1 Rg4) 36... Qa4 {And now ...Rg4 would win.} 37. f3 Qxa2 38. Rbd3 Rg8 {Hoping for ...Kh8.} 39. e6 $2 (39. Rxd5 {was called for.} Kh8 40. e6) 39... fxe6 {Threatens to win with ...Kf6.} 40. R3d2 Qa3 41. Qe5+ Kh6 {( -> ...Bh5+)} 42. Qxe6 $2 (42. fxg6 $19 Rxg6+ 43. Kf2 Qc5+ 44. Rd4 Rc2+ 45. Kf1 Qb5+ 46. R1d3 Rc1+ 47. Kf2) 42... Qxf3 43. Rh2+ Kg5 44. Qe7+ Kxf5 45. Rf2 Bf7+ (45... Rg4+ $142 46. Kf1 {[#]} Rg1+ $3 {[%mdl 576] Decoy} 47. Kxg1 Be8+ 48. Kf1 Bb5+ 49. Qe2 Bxe2+ 50. Ke1 Rg1+ 51. Kd2 Rxd1+ 52. Kc2 Qxf2 53. Kb2 Bc4+ 54. Ka3 Ra1+ 55. Kb4 Qe1#) 46. Kf1 Qxf2+ $1 47. Kxf2 Rf4+ 48. Ke3 Re4+ 49. Qxe4+ dxe4 50. Rf1+ Ke6 51. Rf6+ Kxf6 {Weighted Error Value: White=0.48/Black=0.36} 0-1

[Event "Vezerkepzo GM November 2021"]
[Site "Budapest"]
[Date "2021.11.23"]
[Round "6.2"]
[White "Karthik Venkataraman"]
[Black "Prraneeth Vuppala"]
[Result "1/2-1/2"]
[WhiteElo "2491"]
[BlackElo "2275"]
[Annotator "TA"]
[PlyCount "94"]
[EventDate "2021.11.20"]
[EventType "tourn"]
[EventCountry "HUN"]
[SourceTitle "playchess.com"]
[Source "ChessBase"]
[SourceQuality "1"]

{[%evp 9,94,0,7,0,11,2,14,6,7,0,0,0,-8,-9,-5,-8,-8,-9,-7,-7,-7,-7,-7,-7,-5,-23,5,0,0,0,0,0,0,-5,0,-2,0,-5,-10,-11,-15,-19,-18,-14,-11,-16,-19,-20,-11,-8,-8,-26,-27,-24,-22,-25,-27,-27,-28,-39,0,0,0,-8,-4,-12,0,-16,-8,-8,0,0,0,0,0,0,0,-8,-8,-2,-6,-8,-8,-8,-8,-10,-9]} 1. Nf3 d5 2. d4 e6 3. c4 a6 4. c5 b6 5. cxb6 c5 6. Nc3 {D30: Queen's Gambit Declined: Systems without Nc3.} Nd7 7. Na4 cxd4 8. Qxd4 {[#] Threatening Bf4.} Ne7 $146 ({Predecessor:} 8... Ngf6 9. Bf4 a5 10. a3 Ba6 11. Bc7 Qc8 12. e3 Be7 13. Rc1 O-O 14. Bxa6 Qxa6 {0-1 (54) Sapunov,E (2461)-Lavrik,D (2425) Chess.com INT 2020}) 9. Qc3 Nxb6 10. Nxb6 Qxb6 11. Be3 Qc6 12. Bc5 Nf5 13. Rc1 Bxc5 14. Qxc5 Qxc5 15. Rxc5 Bd7 16. e3 Ke7 17. Bd3 Nd6 18. Kd2 f6 19. Nd4 Rhb8 20. b3 a5 21. Rb1 ({Reject} 21. Bxh7 f5 $17) 21... Rb6 22. f3 ({But not} 22. Bxh7 f5 $17) 22... Nb7 23. Rcc1 Kd6 24. h4 e5 25. Ne2 Nc5 26. Bxh7 Rh8 27. Bc2 Rxh4 28. Rh1 Rxh1 29. Rxh1 a4 {[%cal Ra4b3]} 30. Rb1 axb3 31. axb3 Na6 32. Rh1 Nb4 33. Bg6 Nc6 34. Nc1 d4 35. Rh7 {The position is equal.} Be6 36. exd4 Nxd4 37. Rxg7 Bxb3 38. Bd3 Be6 39. Ke3 Rb2 40. f4 Bd5 41. Rg6 Ke6 {[#] White must now prevent ...Nf5+.} (41... Ke7 {keeps more tension.} 42. fxe5 fxe5 43. Be4 Bf7 44. Rh6 Ne6) 42. fxe5 Kxe5 43. Rg4 Nf5+ 44. Bxf5 Kxf5 45. Rf4+ Kg5 46. Rf2 Rb8 47. Rd2 Re8+ {Weighted Error Value: White=0.03/Black=0.03} 1/2-1/2

[Event "Vezerkepzo GM November 2021"]
[Site "Budapest"]
[Date "2021.11.23"]
[Round "6.3"]
[White "Kovalev, Andrei"]
[Black "Manish Anto Cristiano F"]
[Result "1/2-1/2"]
[WhiteElo "2501"]
[BlackElo "2371"]
[Annotator "TA"]
[PlyCount "107"]
[EventDate "2021.11.20"]
[EventType "tourn"]
[EventCountry "HUN"]
[SourceTitle "playchess.com"]
[Source "ChessBase"]
[SourceQuality "1"]

{[%evp 15,107,0,29,7,23,-9,6,0,21,21,14,12,0,0,0,0,0,-35,-27,-58,-36,-42,-4,-85,-84,-92,-85,-163,-108,-131,-133,-123,-130,-136,-139,-138,-137,-140,-139,-152,-152,-152,-69,-107,-118,-83,-46,-80,-4,-4,-4,-22,-4,-4,-4,-4,0,0,0,0,0,0,0,0,0,0,0,0,0,-514,-477,-632,-575,-530,-516,-1298,-1278,-1142,-1100,-1419,-1369,-691,-125,-125,-125,-125,-125,-125,-8,-8,0,0,0,-125]} 1. e4 c5 2. Nf3 d6 3. d4 cxd4 4. Nxd4 Nf6 5. Nc3 a6 6. Be3 e5 7. Nb3 Be7 8. Qd2 Be6 9. O-O-O {B90: Sicilian Najdorf: Unusual White 6th moves, 6 Be3 Ng4 and 6 Be3 e5.} Nbd7 10. f4 Ng4 {has lost popularity (10...b5).} 11. g3 Nxe3 12. Qxe3 b5 13. Kb1 Qb6 14. Qd2 Nf6 15. Bg2 Rc8 16. Rhe1 O-O {[#]} 17. Bf3 $146 ({Predecessor:} 17. Nd5 Nxd5 18. exd5 Bg4 19. Rc1 Bf6 20. h3 Bd7 21. Be4 b4 22. f5 a5 23. Qg2 a4 24. Nd2 {0-1 (29) Grimm,D (2067)-Padhya,S (2187) Budapest 2012}) 17... Rfe8 (17... b4 $5 {[%cal Rb4c3]} 18. Nd5 Nxd5 19. exd5 Bf5 $15) 18. g4 exf4 19. Nd5 (19. Qxf4 $11 {keeps the balance.} h6 20. Nd4) 19... Nxd5 $17 20. exd5 Bd7 21. Nd4 (21. Qxf4 $17 Bf6 22. Rxe8+ Rxe8 23. Nd4) 21... Bf6 (21... Bg5 $19 22. c3 a5) 22. Rxe8+ Rxe8 23. Qxf4 Be5 24. Qd2 Bxd4 25. Qxd4 Qxd4 26. Rxd4 {[%mdl 4096] Endgame KRB-KRB} Re3 27. Rd3 Rxd3 28. cxd3 {KB-KB} Kf8 (28... g6 $17 29. g5 h6) 29. Kc2 Ke7 30. g5 f6 31. Be4 $1 h6 ({Black should try} 31... Kf7 $17 32. gxf6 gxf6) 32. gxh6 $11 gxh6 33. h4 f5 34. Bf3 Kf6 {Threatening ...Ke5.} 35. d4 f4 36. a3 Bf5+ 37. Kd2 Bb1 {...Kf5 is the strong threat.} 38. Kc1 Bd3 {Strongly threatening ...Kf5.} 39. Kd2 Bb1 40. Kc1 Bf5 41. Kd2 Kg6 42. Kd1 $2 {[%mdl 8192]} (42. b4 $11 {and White is okay.}) 42... Bh3 $1 $19 43. Kd2 Kf5 $1 44. Kd3 {intending b4.} a5 {[%cal Ba6a5,Ba5a4][%mdl 32]} 45. b4 {[#]} (45. Bh5 $142 Bf1+ 46. Kd2) 45... a4 $1 46. Kd2 Bg4 47. Bg2 f3 48. Bf1 {[#]} Ke4 $2 (48... Kf4 $1 $19 {is more deadly.} 49. Bxb5 Ke4) 49. Bxb5 $17 Bh3 50. Bd3+ Kxd4 {And now ...f2 would win.} 51. b5 Kxd5 ({Black should play} 51... Bc8 $17 52. Bc2 Bh3) 52. Ke3 $11 {The position is equal.} Kc5 {aiming for ...Bd7.} 53. Kxf3 Bd7 54. Ke3 {Weighted Error Value: White=0.40/Black=0.25} (54. Ke4 $11) 1/2-1/2